Statistics for British Royal Family

Click here to take the quiz!

General Stats

  • This quiz has been taken 24 times
  • The average score is 24 of 40

Answer Stats

RelationNumber RelationsLine of successionFamily Member% Correct
3SonCharles: HM The King
100%
5Daughter-in-Law2nd Wife of 3Camilla: HM The Queen
94%
7Granddaughter-in-LawCatherine: HRH the Princess of Wales
94%
1QueenElizabeth: HM The Queen
94%
10Great-grandsonSon of 6 and 74thHRH Prince Louis of Wales
94%
11GrandsonSon of 3 and 45thPrince Harry: HRH the Duke of Sussex
94%
2HusbandPrince Philip: The Duke of Edinburgh
94%
6GrandsonSon of 3 and 41stWilliam: HRH the Prince of Wales
94%
15Daughter17thAnne: HRH the Princess Royal
88%
4Daughter-in-Law1st Wife of 3Diana: HRH the Princess of Wales
88%
8Great-grandsonSon of 6 and 72ndHRH Prince George of Wales
88%
9Great-granddaughterDaughter of 6 and 73rdHRH Princess Charlotte of Wales
88%
27Son8thPrince Andrew: The Duke of York
82%
13Great-grandsonSon of 11 and 126thPrince Archie Mountbatten-Windsor
76%
37Son14thPrince Edward: HRH the Duke of Edinburgh
76%
22GranddaughterDaughter of 15 and 1621stZara Tindall
71%
12Granddaughter-in-LawMeghan: HRH the Duchess of Sussex
65%
14Great-granddaughterDaughter of 11 and 127thPrincess Lilibet Mountbatten-Windsor
65%
16Son-in-Law1st Husband of 15Captain Mark Phillips
59%
29GranddaughterDaughter of 27 and 289thHRH Princess Beatrice: Mrs Mapelli Mozzi
59%
33GranddaughterDaughter of 27 and 2811thHRH Princess Eugenie: Mrs Brooksbank
59%
23Grandson-in-LawMike Tindall
59%
38Daughter-in-LawSophie: HRH the Duchess of Edinburgh
59%
18GrandsonSon of 15 and 1618thPeter Phillips
53%
28Daughter-in-LawEx Wife of 27Sarah Ferguson: The Duchess of York
53%
17Son-in-Law2nd Husband of 15Vice Admiral Sir Timothy Laurence
53%
19Granddaughter-in-LawAutumn Kelly
41%
25Great-granddaughterDaughter of 22 and 2323rdLena Tindall
41%
24Great-granddaughterDaughter of 22 and 2322ndMia Tindall
41%
40GrandsonSon of 37 and 3815thJames: Earl of Wessex
35%
39GranddaughterDaughter of 37 and 3816thLady Louise Windsor
35%
34Grandson-in-LawJack Brooksbank
29%
26Great-grandsonSon of 22 and 2324thLucas Tindall
29%
30Grandson-in-LawEduardo Mapelli Mozzi
24%
21Great-granddaughterDaughter of 18 and 1920thIsla Phillips
24%
35Great-grandsonSon of 34 and 3512thMaster August Brooksbank
24%
20Great-granddaughterDaughter of 18 and 1919thSavannah Phillips
24%
32Great-granddaughterDaughter of 29 and 3010thMiss Sienna Mapelli Mozzi
18%
36Great-grandsonSon of 34 and 3513thMaster Ernest Brooksbank
12%
31Step Great-grandsonSon of 30Master Wolfie Mapelli Mozzi
12%

Score Distribution

Percentile by Number Answered

Percent of People with Each Score

Your Score History

You have not taken this quiz